000
00307nam a22001337a 4500
020
_a
978-81-286-2608-1
082
_a
823
_b
EUR/A
100
_a
EURO BOOKS
245
_a
ADVENTURES OF BAR0ON VON MENCHHAUSEN
_b
SHORT STORY
300
_a
40
520
_a
CLASSICS STORY
650
_a
CLASSICS STORY
942
_c
BK
999
_c
3670
_d
3670